[Event "World Team Championship 2019"]
[Site "Astana KAZ"]
[Date "2019.03.07"]
[Round "3"]
[White "Nepomniachtchi, Ian"]
[Black "Yu, Yangyi"]
[Result "1-0"]
[WhiteElo "2771"]
[BlackElo "2761"]
[PlyCount "87"]
[EventDate "2019.03.05"]
[WhiteTeam "Russia"]
[BlackTeam "China"]

1. e4 e5 2. Nf3 Nf6 3. d4 Nxe4 4. Bd3 d5 5. Nxe5 Nd7 6. Nxd7 Bxd7 7. O-O Bd6 8.
Nc3 Nxc3 9. bxc3 O-O 10. Qh5 f5 11. Re1 c6 12. Bg5 Qc7 13. Re3 g6 14. Qh4 Rae8
15. Rae1 Rxe3 16. Rxe3 Re8 17. c4 Rxe3 18. Bxe3 Be8 19. c5 Qe7 20. Bg5 Qe1+ 21.
Bf1 Bf8 22. Be3 Qa5 23. Bf4 Bf7 24. Qf6 Bg7 25. Qd6 Qe1 26. Be3 Bf8 27. Qb8 b6
28. cxb6 axb6 29. Qxb6 Qa1 30. Qa7 c5 31. Qa8 Qe1 32. dxc5 d4 33. Bh6 Be8 34.
Qd5+ Bf7 35. Qd8 Qe7 36. Qxe7 Bxe7 37. c6 Bd6 38. g3 Bd5 39. a4 Kf7 40. Bb5 Bc7
41. Bf4 Bxf4 42. gxf4 Ke7 43. c7 Bb7 44. a5 1-0

[Event "World Team Championship 2019"]
[Site "Astana KAZ"]
[Date "2019.03.07"]
[Round "3"]
[White "Wei, Yi"]
[Black "Grischuk, Alexander"]
[Result "1/2-1/2"]
[WhiteElo "2733"]
[BlackElo "2771"]
[PlyCount "148"]
[EventDate "2019.03.05"]
[WhiteTeam "China"]
[BlackTeam "Russia"]

1. e4 e5 2. Nf3 Nc6 3. Bc4 Bc5 4. O-O Nf6 5. d3 d6 6. Bg5 h6 7. Bh4 a6 8. c3
Ba7 9. a4 g5 10. Bg3 Nd7 11. Kh1 Ne7 12. d4 Ng6 13. Ne1 O-O 14. f3 Nf6 15. Bf2
d5 16. exd5 Nxd5 17. Nc2 Be6 18. Nd2 c6 19. Qe1 Re8 20. dxe5 Bxf2 21. Qxf2 Nxe5
22. Bxd5 Bxd5 23. Nb4 a5 24. Nxd5 Nd3 25. Qb6 cxd5 26. Qb5 Re3 27. Nb3 Nxb2 28.
Nxa5 Rxa5 29. Qxb2 Qc7 30. Ra3 Qc4 31. Rg1 Qc5 32. Rb3 Rxa4 33. Rxb7 Qxc3 34.
Rb8+ Kg7 35. Rb3 Qxb2 36. Rxb2 Rd4 37. Rgb1 h5 38. Kg1 Red3 39. Kf1 g4 40. Ke2
Ra3 41. Rb3 Ra2+ 42. R1b2 Rda4 43. Kf2 Kf6 44. Rxa2 Rxa2+ 45. Kg3 Ke5 46. Re3+
Kd6 47. fxg4 hxg4 48. Re8 f5 49. Rf8 Ke5 50. Re8+ Kd6 51. Rf8 Ke5 52. Re8+ Kd4
53. Rf8 Ke4 54. Re8+ Kd4 55. Rf8 Ke4 56. Re8+ Kd3 57. Rf8 d4 58. Rxf5 Ke4 59.
Rf4+ Ke3 60. Rf8 d3 61. Re8+ Kd4 62. Rd8+ Ke3 63. Re8+ Kd4 64. Rd8+ Kc3 65.
Rc8+ Kb3 66. Rd8 Kc3 67. Rc8+ Kb3 68. Rd8 d2 69. Kxg4 Kc3 70. h4 Ra8 71. Rd7
Ra7 72. Rd8 Ra8 73. Rd7 Ra7 74. Rd8 Ra8 1/2-1/2

[Event "World Team Championship 2019"]
[Site "Astana KAZ"]
[Date "2019.03.07"]
[Round "3"]
[White "Artemiev, Vladislav"]
[Black "Bu, Xiangzhi"]
[Result "1/2-1/2"]
[WhiteElo "2736"]
[BlackElo "2731"]
[PlyCount "109"]
[EventDate "2019.03.05"]
[WhiteTeam "Russia"]
[BlackTeam "China"]

1. Nf3 Nf6 2. g3 d5 3. Bg2 c6 4. O-O Bg4 5. c4 e6 6. Qb3 Qb6 7. d3 Nbd7 8. Be3
Bc5 9. Bxc5 Nxc5 10. Qa3 O-O 11. Nbd2 a5 12. Rac1 Ncd7 13. h3 Bxf3 14. Nxf3 Qb4
15. Rc3 Qxa3 16. bxa3 Ne8 17. cxd5 exd5 18. Rb1 Nd6 19. Nd4 Rfe8 20. a4 Ra6 21.
e3 Rb6 22. Rbb3 Kf8 23. h4 Rb4 24. a3 Rxa4 25. Nxc6 bxc6 26. Rxc6 Nf5 27. Bxd5
Ne7 28. Rc7 Nxd5 29. Rxd7 Nf6 30. Ra7 Re7 31. Ra8+ Ne8 32. h5 g6 33. hxg6 hxg6
34. Kf1 Kg7 35. Ke2 Nd6 36. Ra6 Rb7 37. Rbb6 Rxb6 38. Rxb6 Nf5 39. Rb3 Kf6 40.
Kd2 Kg5 41. Rc3 Kg4 42. Kc2 Kh3 43. d4 Nxd4+ 44. exd4 Rxd4 45. Rc6 Rd5 46. Rf6
Rf5 47. Rxf5 gxf5 48. Kd3 Kg4 49. a4 f4 50. gxf4 Kxf4 51. Kc4 Kf3 52. Kb5 Kxf2
53. Kxa5 f5 54. Kb6 f4 55. a5 1/2-1/2

[Event "World Team Championship 2019"]
[Site "Astana KAZ"]
[Date "2019.03.07"]
[Round "3"]
[White "Adams, Michael"]
[Black "Swiercz, Dariusz"]
[Result "1/2-1/2"]
[WhiteElo "2708"]
[BlackElo "2655"]
[PlyCount "61"]
[EventDate "2019.03.05"]
[WhiteTeam "England"]
[BlackTeam "United States of America"]

1. e4 e5 2. Nf3 Nc6 3. Bb5 a6 4. Ba4 Nf6 5. O-O Be7 6. d3 b5 7. Bb3 d6 8. a3
O-O 9. Nc3 Na5 10. Ba2 Be6 11. Bg5 Bxa2 12. Rxa2 Nc6 13. Bxf6 Bxf6 14. Nd5 Nd4
15. c3 Nxf3+ 16. Qxf3 Bg5 17. Qg4 h6 18. a4 c6 19. Nb4 Qc7 20. axb5 axb5 21.
Rfa1 Rxa2 22. Rxa2 Qb7 23. g3 Bd8 24. d4 exd4 25. cxd4 c5 26. dxc5 dxc5 27. Nd5
c4 28. Qf3 Re8 29. b3 cxb3 30. Rb2 Qc6 31. Rxb3 1/2-1/2

[Event "World Team Championship 2019"]
[Site "Astana KAZ"]
[Date "2019.03.07"]
[Round "3"]
[White "Amin, Bassem"]
[Black "Adhiban, Baskaran"]
[Result "0-1"]
[WhiteElo "2709"]
[BlackElo "2683"]
[PlyCount "100"]
[EventDate "2019.03.05"]
[WhiteTeam "Egypt"]
[BlackTeam "India"]

1. Nf3 d5 2. g3 g6 3. Bg2 Bg7 4. d4 Nf6 5. O-O O-O 6. c4 dxc4 7. Na3 c3 8. bxc3
c5 9. Re1 Nc6 10. Bb2 Nd7 11. Qc2 Nb6 12. Rad1 Bf5 13. e4 Bg4 14. d5 Ne5 15.
Nxe5 Bxd1 16. Rxd1 Bxe5 17. f4 Bg7 18. e5 Qd7 19. c4 Qa4 20. Qc1 f6 21. Re1
fxe5 22. Bxe5 Bxe5 23. Rxe5 Nd7 24. Re3 a6 25. Bh3 Rae8 26. Be6+ Kg7 27. Qb2+
Nf6 28. Kg2 Qd1 29. Nb1 Qd4 30. Qe2 b5 31. cxb5 axb5 32. Nc3 Qc4 33. Nxb5 Qxe2+
34. Rxe2 Ra8 35. Nc3 Ra3 36. Rc2 Rb8 37. Nd1 Ne4 38. Bg4 Rd3 39. Re2 Rd2 40.
Rxd2 Nxd2 41. a4 Rb3 42. Kf2 Ne4+ 43. Ke1 Ra3 44. Bd7 c4 45. Bb5 c3 46. Ne3 Ra2
47. Kd1 Rd2+ 48. Kc1 Nc5 49. Nc2 Nb3+ 50. Kb1 Rxh2 0-1

[Event "World Team Championship 2019"]
[Site "Astana KAZ"]
[Date "2019.03.07"]
[Round "3"]
[White "Jumabayev, Rinat"]
[Black "Naiditsch, Arkadij"]
[Result "1/2-1/2"]
[WhiteElo "2609"]
[BlackElo "2710"]
[PlyCount "95"]
[EventDate "2019.03.05"]
[WhiteTeam "Kazakhstan"]
[BlackTeam "Azerbaijan"]

1. d4 Nf6 2. c4 e6 3. Nf3 d5 4. g3 dxc4 5. Bg2 c5 6. O-O Nc6 7. dxc5 Qxd1 8.
Rxd1 Bxc5 9. Nbd2 c3 10. bxc3 O-O 11. Nb3 Be7 12. Nfd4 Nxd4 13. cxd4 Nd5 14.
Bb2 f5 15. a4 b6 16. Ba3 Bxa3 17. Rxa3 Ba6 18. e3 Rac8 19. a5 Nc3 20. Rda1 Bc4
21. axb6 axb6 22. Nc1 Nb5 23. Ra4 Nc3 24. R4a3 Nb5 25. Ra4 Nd6 26. Na2 Bb5 27.
Ra7 Rf7 28. Rxf7 Kxf7 29. Nb4 Kf6 30. Rb1 Rc3 31. h4 h6 32. Bf1 Bc4 33. Bxc4
Nxc4 34. Ra1 g5 35. hxg5+ hxg5 36. Rd1 Rb3 37. Nc6 Rc3 38. d5 exd5 39. Rxd5
Rc1+ 40. Kh2 Rb1 41. Nd4 Ne5 42. Kh3 g4+ 43. Kg2 Rb2 44. Rd6+ Kg5 45. Ne6+ Kf6
46. Nd4+ Kg5 47. Ne6+ Kf6 48. Nd4+ 1/2-1/2

[Event "World Team Championship 2019"]
[Site "Astana KAZ"]
[Date "2019.03.07"]
[Round "3"]
[White "Mamedov, Rauf"]
[Black "Ismagambetov, Anuar"]
[Result "0-1"]
[WhiteElo "2701"]
[BlackElo "2545"]
[PlyCount "174"]
[EventDate "2019.03.05"]
[WhiteTeam "Azerbaijan"]
[BlackTeam "Kazakhstan"]

1. e4 c5 2. Nf3 d6 3. d4 cxd4 4. Nxd4 Nf6 5. Nc3 a6 6. Nb3 Nc6 7. a4 g6 8. a5
Bg7 9. Be3 O-O 10. Bb6 Qe8 11. Be2 Be6 12. O-O Rc8 13. Nd4 Bd7 14. Re1 Nb4 15.
Bf3 e5 16. Nde2 Qe6 17. Nc1 Rc4 18. Nd3 Rfc8 19. Qd2 Nxd3 20. cxd3 R4c6 21. d4
Qe8 22. h3 Qf8 23. Bd1 Rc4 24. d5 Ne8 25. Bb3 Rb4 26. Ba4 Nf6 27. Bxd7 Nxd7 28.
Na4 Rbc4 29. Qd3 f5 30. Qb3 Bh6 31. Ba7 R4c7 32. Bb6 Rc4 33. Ba7 fxe4 34. Nc3
Nf6 35. Qxb7 Bd2 36. Qxa6 Bxc3 37. bxc3 Nxd5 38. Rad1 R4c6 39. Bb6 Nxc3 40. Rd2
d5 41. Qb7 Qb4 42. Qd7 d4 43. Kh2 Qf8 44. Rxe4 Nxe4 45. Qd5+ Kg7 46. Qxe4 Qf5
47. Qxf5 gxf5 48. f4 Rc2 49. Rd1 Rc1 50. Rd2 R8c2 51. Rd3 Rc3 52. Rd2 R1c2 53.
Rd1 d3 54. fxe5 Kf7 55. a6 Ra2 56. a7 Ke6 57. Bd4 Rb3 58. Rd2 Ra4 59. Kg3 Kd5
60. e6 Kxe6 61. Kf3 Kd5 62. Be3 f4 63. Bf2 Kc4 64. Kxf4 Rb7 65. Be3 Kc3+ 66.
Kg5 Raxa7 67. Rd1 Ra5+ 68. Kh6 Ra6+ 69. Kh5 Rb5+ 70. Kh4 Ra2 71. g4 Re2 72.
Rc1+ Kb2 73. Bh6 Rb6 74. Bf4 d2 75. Bxd2 Rxd2 76. Rh1 Kc3 77. Kh5 Kd4 78. g5
Re6 79. h4 Kd5 80. Rf1 Rh2 81. Rd1+ Ke5 82. Rd7 Kf4 83. Ra7 Re1 84. Ra3 Re4 85.
Ra7 Kf5 86. Rf7+ Ke6 87. Rxh7 Rhxh4+ 0-1

[Event "World Team Championship 2019"]
[Site "Astana KAZ"]
[Date "2019.03.08"]
[Round "4"]
[White "Nepomniachtchi, Ian"]
[Black "Adams, Michael"]
[Result "1/2-1/2"]
[WhiteElo "2771"]
[BlackElo "2708"]
[PlyCount "61"]
[EventDate "2019.03.05"]
[WhiteTeam "Russia"]
[BlackTeam "England"]

1. e4 e5 2. Nf3 Nc6 3. Bb5 a6 4. Ba4 Nf6 5. O-O Be7 6. d3 b5 7. Bb3 d6 8. a3
Na5 9. Ba2 c5 10. Nc3 Be6 11. Nh4 O-O 12. Nf5 Nc6 13. Bg5 Bxf5 14. exf5 Qd7 15.
g4 Rac8 16. Bxf6 Bxf6 17. Nd5 Qd8 18. c3 Bg5 19. Qf3 Ne7 20. Kg2 c4 21. Nxe7+
Qxe7 22. Rfe1 Rc7 23. Rad1 Rfc8 24. h3 Bf4 25. dxc4 bxc4 26. Re4 g6 27. fxg6
hxg6 28. Rd5 Kg7 29. Qe2 Qe6 30. Qd1 Rc6 31. Bb1 1/2-1/2

[Event "World Team Championship 2019"]
[Site "Astana KAZ"]
[Date "2019.03.08"]
[Round "4"]
[White "McShane, Luke J"]
[Black "Grischuk, Alexander"]
[Result "1/2-1/2"]
[WhiteElo "2661"]
[BlackElo "2771"]
[PlyCount "82"]
[EventDate "2019.03.05"]
[WhiteTeam "England"]
[BlackTeam "Russia"]

1. e4 e5 2. Nf3 Nc6 3. Bb5 Nf6 4. d3 Bc5 5. Bxc6 dxc6 6. Qe2 Bg4 7. Bg5 h6 8.
Be3 Nd7 9. Nbd2 Qe7 10. Nc4 b5 11. Ncd2 a5 12. h3 Bxf3 13. Nxf3 Bxe3 14. fxe3
a4 15. O-O O-O 16. Nh2 c5 17. Rf2 Ra6 18. Raf1 Rd6 19. Ng4 c4 20. Rf5 cxd3 21.
cxd3 c6 22. Qc2 Qe6 23. b3 axb3 24. axb3 c5 25. Ra1 Ra6 26. Rff1 Rfa8 27. Rxa6
Rxa6 28. Qb2 b4 29. Nf2 Ra3 30. Rb1 Qa6 31. Qc1 Ra2 32. Qd1 Nf8 33. Rc1 Ne6 34.
Ng4 f6 35. Qf1 Nf8 36. Kh2 Qd6 37. Kg1 Qa6 38. Kh2 Qd6 39. Kg1 Ra3 40. Qd1 Ne6
41. Nh2 Ra8 1/2-1/2

[Event "World Team Championship 2019"]
[Site "Astana KAZ"]
[Date "2019.03.08"]
[Round "4"]
[White "Andreikin, Dmitry"]
[Black "Howell, David W L"]
[Result "1/2-1/2"]
[WhiteElo "2725"]
[BlackElo "2693"]
[PlyCount "63"]
[EventDate "2019.03.05"]
[WhiteTeam "Russia"]
[BlackTeam "England"]

1. e4 c6 2. d4 d5 3. Nd2 dxe4 4. Nxe4 Bf5 5. Ng3 Bg6 6. h4 h6 7. Nf3 e6 8. h5
Bh7 9. Bd3 Bxd3 10. Qxd3 Nf6 11. Bd2 c5 12. O-O-O Nc6 13. Bc3 Qd5 14. dxc5 Qxd3
15. cxd3 Bxc5 16. Bxf6 gxf6 17. d4 Bb6 18. d5 Ne7 19. dxe6 fxe6 20. Ne4 Nd5 21.
Nh4 O-O-O 22. g4 Rhf8 23. Kb1 f5 24. gxf5 exf5 25. Ng3 Bxf2 26. Ngxf5 Bxh4 27.
Nxh4 Nf4 28. Rc1+ Kb8 29. Ng6 Rf6 30. Rcf1 Nxh5 31. Rxf6 Nxf6 32. Rxh6 1/2-1/2

[Event "World Team Championship 2019"]
[Site "Astana KAZ"]
[Date "2019.03.08"]
[Round "4"]
[White "Jones, Gawain C B"]
[Black "Artemiev, Vladislav"]
[Result "1/2-1/2"]
[WhiteElo "2681"]
[BlackElo "2736"]
[PlyCount "25"]
[EventDate "2019.03.05"]
[WhiteTeam "England"]
[BlackTeam "Russia"]

1. c4 c6 2. Nf3 d5 3. g3 g6 4. Bg2 Bg7 5. d4 Nf6 6. cxd5 cxd5 7. Ne5 O-O 8. Nc3
e6 9. O-O Nfd7 10. Nf3 Nf6 11. Ne5 Nfd7 12. Nf3 Nf6 13. Ne5 1/2-1/2

[Event "World Team Championship 2019"]
[Site "Astana KAZ"]
[Date "2019.03.08"]
[Round "4"]
[White "Adhiban, Baskaran"]
[Black "Ding, Liren"]
[Result "1/2-1/2"]
[WhiteElo "2683"]
[BlackElo "2812"]
[PlyCount "100"]
[EventDate "2019.03.05"]
[WhiteTeam "India"]
[BlackTeam "China"]

1. d4 Nf6 2. c4 e6 3. Nf3 d5 4. Nc3 c5 5. cxd5 Nxd5 6. e4 Nxc3 7. bxc3 cxd4 8.
cxd4 Bb4+ 9. Bd2 Bxd2+ 10. Qxd2 O-O 11. Bc4 Nd7 12. O-O b6 13. Rad1 Bb7 14.
Rfe1 Rc8 15. Bb3 Re8 16. h3 Nf6 17. Qf4 Nh5 18. Qh2 h6 19. h4 a5 20. g4 Nf6 21.
Qf4 b5 22. Ne5 Rc7 23. a4 bxa4 24. Bxa4 Rf8 25. f3 Qd6 26. Ng6 Qxf4 27. Nxf4
Rc4 28. Bb3 Rc3 29. Rd3 Rfc8 30. Rb1 Ba6 31. Rxc3 Rxc3 32. Kf2 g5 33. hxg5 hxg5
34. Nxe6 Bd3 35. Rb2 a4 36. Bxa4 fxe6 37. Rb6 Kf7 38. Bb3 Bc4 39. Rb7+ Kg6 40.
Bxc4 Rxc4 41. Rb6 Kf7 42. Rb7+ Kf8 43. Ke3 Rc3+ 44. Ke2 Rc6 45. Rb5 Nh7 46. d5
exd5 47. Rxd5 Kg7 48. f4 gxf4 49. Kf3 Nf6 50. Rg5+ Kf7 1/2-1/2

[Event "World Team Championship 2019"]
[Site "Astana KAZ"]
[Date "2019.03.08"]
[Round "4"]
[White "Yu, Yangyi"]
[Black "Ganguly, Surya Shekhar"]
[Result "0-1"]
[WhiteElo "2761"]
[BlackElo "2633"]
[PlyCount "132"]
[EventDate "2019.03.05"]
[WhiteTeam "China"]
[BlackTeam "India"]

1. d4 Nf6 2. c4 e6 3. Nc3 Bb4 4. Nf3 d5 5. cxd5 exd5 6. Qa4+ Nc6 7. Bg5 h6 8.
Bxf6 Qxf6 9. e3 O-O 10. Be2 Be6 11. O-O a6 12. Rfc1 Bd6 13. Qd1 Ne7 14. Na4 b6
15. b4 a5 16. b5 g5 17. Nb2 Ng6 18. Nd3 Rae8 19. Nfe1 h5 20. Bxh5 Kg7 21. h3
Rh8 22. Bg4 Bxg4 23. hxg4 Rxe3 24. Rc6 Bh2+ 25. Kf1 Bg3 26. Kg1 Bh2+ 27. Kf1
Bg3 28. Kg1 Qxd4 29. Nc2 Bh2+ 30. Kh1 Bf4+ 31. Kg1 Bh2+ 32. Kh1 Bf4+ 33. Kg1
Qxd3 34. Nxe3 Bh2+ 35. Kh1 Be5+ 36. Kg1 Bh2+ 37. Kh1 Qxb5 38. Rac1 Bg3+ 39. Kg1
Bh2+ 40. Kh1 Ne7 41. g3 Nxc6 42. Nf5+ Kf8 43. Kg2 Bxg3 44. Nxg3 Rh6 45. Nf5 Re6
46. Qf3 Qb2 47. Rh1 Ne7 48. Qg3 Nxf5 49. gxf5 Re2 50. Qf3 Qe5 51. f6 Ke8 52.
Rh8+ Kd7 53. Rf8 Qe6 54. Qh5 Qe4+ 55. Qf3 Qxf3+ 56. Kxf3 Rxa2 57. Rxf7+ Ke6 58.
Rxc7 Kxf6 59. Rc6+ Kf5 60. Rxb6 Ra3+ 61. Ke2 a4 62. Rd6 Ke4 63. Re6+ Kd4 64.
Rg6 Ra2+ 65. Kf3 a3 66. Rxg5 Rc2 0-1

[Event "World Team Championship 2019"]
[Site "Astana KAZ"]
[Date "2019.03.08"]
[Round "4"]
[White "Sethuraman, S.P."]
[Black "Wei, Yi"]
[Result "1/2-1/2"]
[WhiteElo "2637"]
[BlackElo "2733"]
[PlyCount "49"]
[EventDate "2019.03.05"]
[WhiteTeam "India"]
[BlackTeam "China"]

1. e4 e5 2. Nf3 Nf6 3. Nxe5 d6 4. Nf3 Nxe4 5. Nc3 Nxc3 6. dxc3 Be7 7. Be3 O-O
8. Qd2 Nd7 9. O-O-O c6 10. Bd3 d5 11. h4 Nc5 12. Ng5 h6 13. Kb1 Nxd3 14. Qxd3
hxg5 15. hxg5 f5 16. g6 Qe8 17. Bc5 f4 18. Rde1 Bf5 19. Qd1 Qxg6 20. Rxe7 b6
21. Bd4 Rf7 22. Ree1 Rff8 23. Re7 Rf7 24. Ree1 Rff8 25. Re7 1/2-1/2

[Event "World Team Championship 2019"]
[Site "Astana KAZ"]
[Date "2019.03.08"]
[Round "4"]
[White "Bu, Xiangzhi"]
[Black "Aravindh, Chithambaram VR"]
[Result "1-0"]
[WhiteElo "2731"]
[BlackElo "2599"]
[PlyCount "127"]
[EventDate "2019.03.05"]
[WhiteTeam "China"]
[BlackTeam "India"]

1. c4 Nf6 2. Nc3 g6 3. g3 Bg7 4. Bg2 O-O 5. d4 d6 6. Nf3 c6 7. O-O Bf5 8. Ne1
d5 9. Nc2 Qd7 10. Ne3 Be6 11. b3 Bh3 12. Bxh3 Qxh3 13. Ba3 Qd7 14. Qd3 Rd8 15.
Rad1 Na6 16. Nc2 Nc7 17. e4 dxe4 18. Nxe4 Nxe4 19. Qxe4 Re8 20. Rd3 Rad8 21.
Rfd1 Qc8 22. Ne1 Qf5 23. Qxf5 gxf5 24. d5 cxd5 25. cxd5 Nb5 26. Bb4 Bf6 27. a4
Nd6 28. Ng2 Kg7 29. Rf3 Kg6 30. h4 Ne4 31. g4 fxg4 32. Rf4 Nd6 33. Rxg4+ Kh5
34. f3 Rg8 35. Nf4+ Kh6 36. Bd2 Bd4+ 37. Kg2 Rxg4+ 38. fxg4 Kg7 39. Nh5+ Kg6
40. Bg5 f6 41. Nf4+ Kf7 42. Ne6 Rc8 43. Rxd4 fxg5 44. Nxg5+ Kg6 45. Rd3 h5 46.
Kg3 b5 47. Re3 bxa4 48. Rxe7 axb3 49. Re6+ Kg7 50. Rxd6 Rb8 51. Rd7+ Kg6 52.
gxh5+ Kxh5 53. Kf4 Kg6 54. Nf3 Kf6 55. Rd6+ Ke7 56. Re6+ Kd7 57. Ne5+ Kc7 58.
Rc6+ Kd8 59. Rc1 Rb6 60. d6 b2 61. Rb1 Ke8 62. d7+ Ke7 63. h5 a5 64. h6 1-0

[Event "World Team Championship 2019"]
[Site "Astana KAZ"]
[Date "2019.03.08"]
[Round "4"]
[White "Maghsoodloo, Parham"]
[Black "Amin, Bassem"]
[Result "1/2-1/2"]
[WhiteElo "2673"]
[BlackElo "2709"]
[PlyCount "39"]
[EventDate "2019.03.05"]
[WhiteTeam "Iran"]
[BlackTeam "Egypt"]

1. d4 Nf6 2. Nf3 e6 3. c4 Bb4+ 4. Bd2 c5 5. Bxb4 cxb4 6. g3 b6 7. Bg2 Bb7 8.
O-O O-O 9. Qd3 d6 10. a3 bxa3 11. Nxa3 Nc6 12. Nb5 a5 13. Qe3 Ba6 14. Na3 Rc8
15. Rfd1 Nb4 16. Rac1 Na2 17. Ra1 Nb4 18. Rac1 Na2 19. Ra1 Nb4 20. Rac1 1/2-1/2

[Event "World Team Championship 2019"]
[Site "Astana KAZ"]
[Date "2019.03.08"]
[Round "4"]
[White "Mamedov, Rauf"]
[Black "Tikkanen, Hans"]
[Result "1-0"]
[WhiteElo "2701"]
[BlackElo "2510"]
[PlyCount "67"]
[EventDate "2019.03.05"]
[WhiteTeam "Azerbaijan"]
[BlackTeam "Sweden"]

1. e4 c6 2. d4 d5 3. Nd2 dxe4 4. Nxe4 Nf6 5. Nxf6+ exf6 6. c3 Bd6 7. Bd3 O-O 8.
Ne2 Re8 9. Qc2 h5 10. Be3 Nd7 11. Ng3 Nf8 12. O-O-O g6 13. Ne4 Be7 14. Kb1 f5
15. Nd2 Be6 16. h3 b5 17. g4 fxg4 18. hxg4 hxg4 19. Bf4 Bg5 20. Be5 f6 21. f4
gxf3 22. Nxf3 fxe5 23. Bxg6 Qf6 24. Be4 Bg4 25. Nxg5 Qxg5 26. Rdg1 Kf7 27. Bf3
Bf5 28. Rxg5 Bxc2+ 29. Kxc2 exd4 30. Bxc6 Re2+ 31. Kd1 Rxb2 32. Bxa8 dxc3 33.
Rf1+ Ke7 34. Rg7+ 1-0

[Event "Spring Chess Classic 2019"]
[Site "Saint Louis USA"]
[Date "2019.03.08"]
[Round "7"]
[White "Bok, B."]
[Black "Kasimdzhanov, R."]
[Result "1/2-1/2"]
[WhiteElo "2638"]
[BlackElo "2663"]
[PlyCount "43"]
[EventDate "2019.03.02"]

1. Nf3 d5 2. g3 g6 3. Bg2 Bg7 4. d4 Nf6 5. c4 O-O 6. O-O dxc4 7. Na3 c3 8. bxc3
c5 9. Bb2 Nc6 10. Re1 Bg4 11. h3 Bxf3 12. Bxf3 cxd4 13. cxd4 Nd7 14. Rc1 Nb6
15. e3 Qd7 16. Bg2 Rfd8 17. Qb3 Rac8 18. Nb5 Na5 19. Qb4 Nc6 20. Qb3 Na5 21.
Qb4 Nc6 22. Qb3 1/2-1/2

[Event "Spring Chess Classic 2019"]
[Site "Saint Louis USA"]
[Date "2019.03.08"]
[Round "7"]
[White "Tari, A."]
[Black "Ivanchuk, V."]
[Result "1/2-1/2"]
[WhiteElo "2613"]
[BlackElo "2698"]
[PlyCount "61"]
[EventDate "2019.03.02"]

1. e4 e5 2. Nf3 Nc6 3. Bb5 Nf6 4. d3 d6 5. c3 g6 6. d4 Bd7 7. O-O Bg7 8. dxe5
Nxe5 9. Nxe5 dxe5 10. Bxd7+ Qxd7 11. Qxd7+ Kxd7 12. f3 Ke6 13. Be3 h5 14. Nd2
Bh6 15. Bxh6 Rxh6 16. h4 Rhh8 17. Kf2 Rhd8 18. Ke2 Nd7 19. Nb3 b6 20. a4 Nf8
21. Rfd1 Ke7 22. Nd2 Ne6 23. g3 f6 24. Nc4 Rxd1 25. Rxd1 Rd8 26. Rxd8 Nxd8 27.
b4 Ne6 28. Ne3 Kd6 29. Kd3 c6 30. Kd2 a6 31. Nc4+ 1/2-1/2

[Event "Spring Chess Classic 2019"]
[Site "Saint Louis USA"]
[Date "2019.03.08"]
[Round "7"]
[White "Hansen, Eric"]
[Black "Nyzhnyk, I."]
[Result "0-1"]
[WhiteElo "2612"]
[BlackElo "2638"]
[PlyCount "116"]
[EventDate "2019.03.02"]

1. e4 e5 2. Nf3 Nf6 3. Nxe5 d6 4. Nf3 Nxe4 5. Nc3 Nf6 6. d4 Be7 7. Bd3 c6 8. h3
Na6 9. a3 Nc7 10. O-O O-O 11. Re1 b5 12. Ne4 Ncd5 13. Ng3 Re8 14. b3 Nb6 15. c4
bxc4 16. bxc4 Ba6 17. Nf5 Bxc4 18. Bxc4 Nxc4 19. Qc2 Nb6 20. Qxc6 Nfd5 21. Bd2
Bf8 22. Ba5 Qc8 23. Qxe8 Qxe8 24. Rxe8 Rxe8 25. Bxb6 axb6 26. Rb1 g6 27. Ng3
Rb8 28. Rb3 f6 29. Nd2 Kf7 30. Ngf1 Ke6 31. Ne3 f5 32. a4 Be7 33. Ndc4 Bd8 34.
a5 b5 35. a6 f4 36. Nxd5 Kxd5 37. Na3 b4 38. Nc2 Ba5 39. Nxb4+ Bxb4 40. a7 Ra8
41. Rxb4 Rxa7 42. h4 Rf7 43. Kh2 f3 44. g4 Ke4 45. Kg3 d5 46. Ra4 Rf6 47. Ra7
h5 48. Rh7 hxg4 49. Kxg4 Kxd4 50. Kg5 Ke5 51. Re7+ Re6 52. Rf7 d4 53. Rxf3 Rd6
54. Ra3 d3 55. Ra1 Kd4 56. Rd1 Ke4 57. f4 d2 58. Kg4 Rd5 0-1

[Event "Spring Chess Classic 2019"]
[Site "Saint Louis USA"]
[Date "2019.03.08"]
[Round "7"]
[White "Le Quang Liem"]
[Black "Robson, R."]
[Result "1/2-1/2"]
[WhiteElo "2715"]
[BlackElo "2667"]
[PlyCount "95"]
[EventDate "2019.03.02"]

1. e4 e5 2. Nf3 Nc6 3. Bb5 Nf6 4. d3 Bc5 5. O-O Nd4 6. Nxd4 Bxd4 7. c3 Bb6 8.
Na3 c6 9. Ba4 d6 10. Nc4 Bc7 11. Bb3 Be6 12. f4 exf4 13. Bxf4 d5 14. Bxc7 Qxc7
15. exd5 Nxd5 16. Qf3 O-O 17. Nd2 a5 18. d4 a4 19. Bc2 c5 20. Qd3 g6 21. Ne4
cxd4 22. Qxd4 Qb6 23. Qxb6 Nxb6 24. Nc5 Bd5 25. Rf4 Bc6 26. Be4 Rfc8 27. Rd1
Bxe4 28. Nxe4 Rd8 29. Nd6 Nc8 30. Rfd4 Nxd6 31. Rxd6 Rxd6 32. Rxd6 Ra5 33. Rb6
a3 34. Rxb7 Rc5 35. Kf2 axb2 36. Rxb2 Rxc3 37. Ke2 g5 38. Kd2 Ra3 39. Kc1 Kg7
40. Rd2 Ra8 41. Kb2 Rb8+ 42. Kc3 Rc8+ 43. Kb4 Rb8+ 44. Kc5 Rc8+ 45. Kb6 Ra8 46.
Kb5 Rb8+ 47. Kc6 Ra8 48. Kb5 1/2-1/2

[Event "Spring Chess Classic 2019"]
[Site "Saint Louis USA"]
[Date "2019.03.08"]
[Round "7"]
[White "Akobian, V."]
[Black "Xiong, Jeffery"]
[Result "1/2-1/2"]
[WhiteElo "2625"]
[BlackElo "2663"]
[PlyCount "73"]
[EventDate "2019.03.02"]

1. d4 Nf6 2. c4 e6 3. Nc3 Bb4 4. Qc2 O-O 5. a3 Bxc3+ 6. Qxc3 d6 7. g3 Bd7 8.
Bg2 Bc6 9. Nf3 a5 10. b3 a4 11. b4 b5 12. Bg5 bxc4 13. Qxc4 Bd5 14. Bxf6 Qxf6
15. Qxc7 Nc6 16. O-O Rfd8 17. Rac1 Rac8 18. Qb6 Rb8 19. Qa6 Bxf3 20. Bxf3 Nxd4
21. Bc6 d5 22. Qd3 e5 23. Bxa4 e4 24. Qd2 Ra8 25. Rfd1 Nxe2+ 26. Qxe2 Rxa4 27.
Qb5 Rxa3 28. Rxd5 e3 29. fxe3 Rxe3 30. Rxd8+ Qxd8 31. Qc5 Qe8 32. b5 Re1+ 33.
Rxe1 Qxe1+ 34. Kg2 Qe2+ 35. Kg1 Qe1+ 36. Kg2 Qe2+ 37. Kg1 1/2-1/2

[Event "Spring Chess Classic 2019"]
[Site "Saint Louis USA"]
[Date "2019.03.09"]
[Round "8"]
[White "Kasimdzhanov, Rustam"]
[Black "Xiong, Jeffery"]
[Result "1/2-1/2"]
[WhiteElo "2663"]
[BlackElo "2663"]
[PlyCount "112"]
[EventDate "2019.03.02"]

1. e4 c5 2. Nf3 d6 3. d4 cxd4 4. Nxd4 Nf6 5. Nc3 a6 6. Bg5 e6 7. f4 h6 8. Bh4
Qb6 9. a3 Nbd7 10. f5 e5 11. Nb3 Qc7 12. Qf3 b5 13. O-O-O Bb7 14. g4 Rc8 15.
Bd3 Qb8 16. Be1 Nc5 17. Nxc5 dxc5 18. h4 b4 19. axb4 cxb4 20. Ne2 Qc7 21. Ng3
Nd7 22. b3 Bc5 23. f6 g6 24. h5 Qa5 25. Kd2 g5 26. Nf5 Rc6 27. Ke2 Rxf6 28. Rf1
Kd8 29. Bc4 Kc8 30. Bg3 Qc7 31. Bd5 Re8 32. c4 bxc3 33. Qxc3 Bc6 34. Rc1 Bb5+
35. Bc4 Qb7 36. Qd3 Kb8 37. Bxb5 axb5 38. Rfd1 Ba3 39. Ra1 Nc5 40. Qd5 Nxe4 41.
Bxe5+ Nd6 42. Rxa3 Rxe5+ 43. Qxe5 Re6 44. Qxe6 Qg2+ 45. Kd3 fxe6 46. Nxd6 Qf3+
47. Kc2 b4 48. Ra5 Qc3+ 49. Kb1 Qxb3+ 50. Kc1 Qc3+ 51. Kb1 b3 52. Rb5+ Ka8 53.
Rc1 Qd3+ 54. Ka1 Qd4+ 55. Kb1 Qd3+ 56. Ka1 Qd4+ 1/2-1/2

[Event "Spring Chess Classic 2019"]
[Site "Saint Louis USA"]
[Date "2019.03.09"]
[Round "8"]
[White "Robson, Ray"]
[Black "Akobian, Varuzhan"]
[Result "1-0"]
[WhiteElo "2667"]
[BlackElo "2625"]
[PlyCount "77"]
[EventDate "2019.03.02"]

1. e4 e6 2. d4 d5 3. Nc3 Nf6 4. e5 Nfd7 5. f4 c5 6. Nf3 Nc6 7. Be3 a6 8. Ne2
Qb6 9. Rb1 Qa5+ 10. Bd2 Qc7 11. c3 b5 12. f5 exf5 13. Nf4 Nb6 14. Bd3 g6 15.
O-O c4 16. Bc2 Be7 17. b3 Be6 18. Qe1 Qd7 19. Qg3 Rc8 20. h4 a5 21. Bd1 b4 22.
Be2 h6 23. Rfd1 bxc3 24. Bxc3 Bb4 25. Bxb4 axb4 26. bxc4 dxc4 27. d5 Nxd5 28.
Bxc4 Qa7+ 29. Kh1 Nxf4 30. Qxf4 g5 31. Qc1 Ke7 32. Bxe6 fxe6 33. Qc4 Rhd8 34.
Rxd8 Kxd8 35. Rd1+ Kc7 36. Rd6 Kb7 37. Nd4 Qa4 38. Nxe6 Nxe5 39. Qd5+ 1-0